00494nam a2200181 a 4500001001300000003000900013005001700022008004100039020001000080082001700090100001700107245004700124260006000171300000900231500003500240505001700275650002000292nice12345678IN_TiNIC20260116014301.0050524s1998 newa grp 000 0 urd  ac15800a759.954bBRO aBrown, Percy aHindustani Musawwari(ahad-E-Mughliya Mein) aNew DelhibQaumi Council Barai Taraqi-E-Urdu Langc1998 a256p aincludes index and biblioraphy2 aBibliography aPainting-Mughal